000 00397pab a2200157 454500
008 180718b2014 xxu||||| |||| 00| 0 eng d
100 _aNachane, D.M.
245 _aFlawed cartography? A new road map for monetary policy
260 _c2014
300 _ap.24-26.
362 _a1 Mar
650 _aMonetary policy
773 _aEconomic and Political Weekly
908 _aN
909 _a103548
999 _c103544
_d103544